| 000 | 00631nam a2200217 a 4500 | ||
|---|---|---|---|
| 001 | BRCA_3980 | ||
| 005 | 20190320204511.0 | ||
| 008 | 150110s1955----gw-a######---#000-0#ger-# | ||
| 041 | _ager | ||
| 044 | _agw | ||
| 050 | 4 |
_aN8675 _b.D74 1955 |
|
| 245 | 1 | 0 | _aDreikig ausgewählte Kupferstiche und Holzschnitte des XV bis XVII Jahrhunderts. |
| 260 |
_aDüsseldorf, Alemania _bC. G. Boerner _c1955 |
||
| 300 |
_a1 v. (sin paginación) _bil., 13 láminas _c27 cm. |
||
| 500 | _aCDE57 | ||
| 650 | 1 | 4 |
_aArte _xPrecios _910347 |
| 650 | 1 | 4 |
_aGrabados _vCatálogos _910348 |
| 650 | 1 | 4 |
_aAnticuarios _910349 |
| 902 | _aGFM | ||
| 942 |
_2lcc _cB |
||
| 999 |
_c3706 _d3706 |
||